Úplné náklady práce v SR za rok 1996 podľa výsledkov výberového zisťovania

Uložené v:
Podrobná bibliografia
Médium: Kniha
Jazyk:Slovak
Vydavateľské údaje: Bratislava Štatistický úrad Slovenskej republiky 1997
Edícia:Slovenská štatistika
Predmet:
Tagy: Pridať tag
Žiadne tagy, Buďte prvý, kto otaguje tento záznam!

MARC

LEADER 00000nam a2200000 4500
001 c100433
005 20260223071046.0
041 0 |a slo 
044 |a SK 
245 1 0 |a Úplné náklady práce v SR za rok 1996 podľa výsledkov výberového zisťovania 
264 1 |a Bratislava  |b Štatistický úrad Slovenskej republiky  |c 1997 
300 |a 61 s. 
490 1 |a Slovenská štatistika 
830 0 |a Slovenská štatistika 
610 2 0 |a Slovensko 
610 2 0 |a náklady práce 
610 2 0 |a zamestnanci